[Event "Gatineau op U1800"]
[Site "Gatineau"]
[Date "2014.03.??"]
[Round "5"]
[White "Kearnan, Dan"]
[Black "Danilov, Alex"]
[Result "0-1"]
[WhiteElo "1715"]
[BlackElo "1843"]
[PlyCount "72"]
[EventDate "2014.02.??"]
[EventType "swiss"]
[EventRounds "5"]
[EventCountry "CAN"]
[SourceTitle "EXT 2022"]
[Source "ChessBase"]
[SourceDate "2021.10.06"]
[SourceVersion "1"]
[SourceVersionDate "2021.10.06"]
[SourceQuality "1"]

1. d4 Nf6 2. c4 e6 3. Nc3 Bb4 4. Qc2 0-0 5. a3 Bxc3+ 6. Qxc3 b5 7. Bg5 bxc4 8. Qxc4 Ba6 9. Qc2 h6 10. Bh4 Nc6 11. e3 Bxf1 12. Kxf1 g5 13. Bg3 Nh5 14. Nf3 Rc8 15. Rd1 Ne7 16. Ne5 f5 17. Qe2 Nf6 18. f4 d6 19. fxg5 hxg5 20. h4 Ne4 21. Bh2 g4 22. Bf4 Nd5 23. Qe1 dxe5 24. Bxe5 Qd7 25. Kg1 Qa4 26. h5 Qb3 27. Bf4 Nxf4 28. exf4 Rcd8 29. h6 Kh7 30. Rc1 Rd7 31. Qa5 Qe3+ 32. Kh2 Qxf4+ 33. Kg1 Qxc1+ 34. Kh2 Qf4+ 35. Kg1 Qe3+ 36. Kh2 g3+ 0-1